000 00578nam a2200205 a 4500
008 951121s1986||||[C 0 slo c
020 _c33 Kčs.
_q(50000 výtl.)
040 _aSNK
_bslo
_cSNK
_eAACR2
041 1 _aslo
_heng
044 _axo
_cSK
080 _a820 (73)-3
100 1 _aPhilip, K. Dick
_4aut
245 1 0 _aTemný obraz
_cK. Dick Philip ; Ján Kamenistý
250 _a1., vyd.
260 _aBratislava
_bSmena
_c1986
_eBratislava
_fPravda
300 _a256 s., 15,92 AH
_c20 cm
490 0 _aLabyrint
_vZv. 122.
700 1 _aKamenistý, Ján
_4trl
958 _aA
999 _c10301
_d10301